000 02015cam a22005534i 4500
003 PE-LiUPU
005 20250731165623.0
008 150616s r 000 0 d
035 _a(Sirsi) a6156
035 _a(Sirsi) a6156
040 _aPE-LiUPU
_bspa
_cPE-LiUPU
_erda
049 _aPRUA
082 0 4 _a220.602
_bB97
_221
100 1 _aButtrick, George Arthur,
_eautor.
245 1 0 _aCorinthians Galatians and Ephesians.
_n10 /
_cGeorge Arthur Buttrick.
264 1 _aNashville :
_bAbingdon Press,
_c1953.
300 _a749 páginas :
_bilustraciones ;
_c25 cm.
336 _atext
_2rdacontent
337 _aunmediated
_2rdamedia
338 _avolume
_2rdacarrier
490 0 _aThe Interpreter's Bible ;
_v10
505 0 _aThe first epistle to the Corinthians -- The second Epistle to the Corinthians -- The epistle to the Galatians -- The epistle to the Ephesians -- Maps.
526 _aSEG44
526 _aSEG26
526 _aP151
526 _aP150
526 _aP149
526 _aP146
526 _aP145
526 _aP126
526 _aP125
526 _aP92
526 _aP75
526 _aP74
526 _aP27
526 _aP15
630 _aBiblia.
_pN.T.
_pCorintios
_xComentarios.
630 _aBiblia.
_pN.T.
_PG álatas
_xComentarios.
630 _aBiblia.
_pN.T.
_pEfesios
_xComentarios.
700 1 _aRusssell B., Walter
700 1 _aScherer, Paul.
910 _ajck
_bjvq
_cjck
942 _2ddc
_cBOOK
949 _aRC 220.602 B97 10
_wDEWEY
_c1
_i08208
_lRC
_mBUL
_r0
_sY
_tBOOK
_u2015-6-16
_xTEOLOGIA
_zUNKNOWN
_0COMPRA
_o.CIRCNOTE. No olvidar cambiar la fecha de devolución!!!!!!!
_o.STAFF. Colección General
994 _aC0
_bPEPRU
596 _a1
999 _aRC 220.602 B97 10
_wDEWEY
_c57259
_i08208
_f2021-11-8
_g6
_lCCODEBUL1
_mBUL
_r1
_sY
_tBOOK
_u2015-6-16
_xTEOLOGIA
_zUNKNOWN
_0COMPRA
_o.CIRCNOTE. No olvidar cambiar la fecha de devolución!!!!!!!
_o.STAFF. Colección General
_d57259
980 _81
_gALBERTO SANCHEZ Responsable de Automatización